Top Countries by Combined Area and GDP per capita - Statistics

General Stats
  • This quiz has been taken 29 times
  • The average score is 13 of 15
Answer Stats
Avg Country % Correct
11 Australia
100%
12 Canada
100%
43.5 Mexico
100%
24 Russia
100%
6.5 United States
100%
39 China
93%
38 France
93%
40.5 Germany
93%
37.5 Norway
81%
19 Saudi Arabia
78%
38 Sweden
78%
37 Argentina
74%
43.5 Turkey
74%
43 Spain
70%
31.5 Kazakhstan
48%
No matching quizzes found
Score Distribution
Percent of People with Each Score
Percentile by Number Answered
Your Score History
You have not taken this quiz